[Event "CZE-chT2E 2223"]
[Site "Czech Republic"]
[Date "2023.02.05"]
[Round "8.8"]
[White "Petrik, Petr"]
[Black "Lakatos, Tomas"]
[Result "0-1"]
[WhiteElo "2002"]
[BlackElo "2078"]
[PlyCount "92"]
[EventDate "2022.10.16"]
[EventType "team-tourn"]
[EventRounds "11"]
[EventCountry "CZE"]
[SourceTitle "EXT 2024"]
[Source "ChessBase"]
[SourceDate "2023.10.10"]
[SourceVersion "1"]
[SourceVersionDate "2023.10.10"]
[SourceQuality "1"]
[WhiteTeam "Kromeriz Slavia II"]
[BlackTeam "Orechov Orel"]
[WhiteTeamCountry "CZE"]
[BlackTeamCountry "CZE"]

1. e4 b6 2. d4 Bb7 3. Nc3 e6 4. Nf3 Bb4 5. e5 c5 6. Bd2 cxd4 7. Nb5 Bc5 8. b4 a6 9. Na3 Be7 10. Nxd4 d6 11. exd6 Qxd6 12. c3 Nf6 13. Nc4 Qc7 14. Qc1 Nbd7 15. f3 0-0 16. Be2 Nd5 17. a4 Bf6 18. Ne3 Nf4 19. Kf2 Ne5 20. Qc2 Rfd8 21. Rhd1 Rac8 22. Rac1 Neg6 23. Be1 Nxe2 24. Nxe2 Qxh2 25. Ng4 Bh4+ 26. Kf1 Qh1+ 27. Ng1 Bg5 28. Bd2 Nf4 29. Bxf4 Bxf4 30. Rxd8+ Rxd8 31. Nf2 Qh4 32. Rd1 Rxd1+ 33. Qxd1 Bd5 34. Qd4 b5 35. axb5 axb5 36. Ne2 Bc4 37. Nh3 e5 38. Qd6 h6 39. Nhxf4 Qxf4 40. Kf2 Qh4+ 41. Kf1 Qh1+ 42. Kf2 Bxe2 43. Kxe2 Qxg2+ 44. Ke3 Qg1+ 45. Ke2 Qh2+ 46. Kd3 e4+ 0-1

[Event "Zlin Region-chT 2223"]
[Site "Czech Republic"]
[Date "2023.01.29"]
[Round "7.5"]
[White "Zgarba, Radek"]
[Black "Petrik, Petr"]
[Result "1-0"]
[WhiteElo "1914"]
[BlackElo "2002"]
[PlyCount "99"]
[EventDate "2022.10.09"]
[EventType "team-tourn"]
[EventRounds "11"]
[EventCountry "CZE"]
[SourceTitle "EXT 2024"]
[Source "ChessBase"]
[SourceDate "2023.10.10"]
[SourceVersion "1"]
[SourceVersionDate "2023.10.10"]
[SourceQuality "1"]
[WhiteTeam "Usti Sokol"]
[BlackTeam "Kromeriz Slavia III"]
[WhiteTeamCountry "CZE"]
[BlackTeamCountry "CZE"]

1. e4 c5 2. c3 d5 3. exd5 Qxd5 4. d4 Nf6 5. Nf3 e6 6. Be2 Be7 7. Na3 0-0 8. Nb5 Qd8 9. dxc5 Bd7 10. Nd6 Qc7 11. Be3 b6 12. cxb6 axb6 13. Nc4 Nd5 14. Bd4 f6 15. 0-0 Nc6 16. Bxb6 Qb7 17. a4 Be8 18. a5 Nxb6 19. axb6 Rxa1 20. Qxa1 Bc5 21. Qa2 Bf7 22. Ra1 Rb8 23. b4 Bxb6 24. Nd6 Qc7 25. Nxf7 Kxf7 26. Bc4 Re8 27. Qc2 Ne5 28. Nxe5+ Qxe5 29. g3 g6 30. Ra6 Qc7 31. Qe4 f5 32. Qe2 Kf6 33. Bb5 Re7 34. c4 Bd4 35. c5 Qb7 36. c6 Qc7 37. Bc4 e5 38. Bb3 Re8 39. Qc4 Kg5 40. Ra5 Qb6 41. Kg2 Rb8 42. Rd5 Rc8 43. Rd6 Rc7 44. Qe6 e4 45. Qe8 Bxf2 46. Qd8+ Kh6 47. Qh4+ Kg7 48. Rd8 h5 49. Rg8+ Kh7 50. Qf6 1-0

[Event "Zlin Region-chT 2223"]
[Site "Czech Republic"]
[Date "2022.10.09"]
[Round "1.4"]
[White "Martinak, Cyril"]
[Black "Petrik, Petr"]
[Result "0-1"]
[WhiteElo "1796"]
[BlackElo "2002"]
[PlyCount "104"]
[EventDate "2022.10.09"]
[EventType "team-tourn"]
[EventRounds "11"]
[EventCountry "CZE"]
[SourceTitle "EXT 2024"]
[Source "ChessBase"]
[SourceDate "2023.10.10"]
[SourceVersion "1"]
[SourceVersionDate "2023.10.10"]
[SourceQuality "1"]
[WhiteTeam "Valasske Mezirici"]
[BlackTeam "Kromeriz Slavia III"]
[WhiteTeamCountry "CZE"]
[BlackTeamCountry "CZE"]

1. e4 c5 2. Nf3 Nc6 3. d4 cxd4 4. Nxd4 g6 5. Nxc6 bxc6 6. Bc4 Bg7 7. 0-0 Qb6 8. Bb3 d6 9. Nc3 Nf6 10. h3 0-0 11. Be3 Qc7 12. Qd2 Re8 13. f4 e6 14. Rad1 d5 15. e5 Nd7 16. Ne2 c5 17. c3 a5 18. Ba4 Rd8 19. g4 Ba6 20. Rf2 Nb6 21. Bc2 Nc4 22. Qc1 Rab8 23. b3 Nxe3 24. Qxe3 Bf8 25. f5 Bxe2 26. Qxe2 c4 27. Rf3 Qc5+ 28. Kh1 Rbc8 29. fxg6 hxg6 30. h4 Bg7 31. Rd4 Qc7 32. Rdf4 Rd7 33. Re3 Qd8 34. g5 d4 35. cxd4 Rxd4 36. Rxd4 Qxd4 37. Re4 Qa1+ 38. Kg2 cxb3 39. Bxb3 Rc5 40. Qe1 Rc1 41. Qf2 Bxe5 42. h5 gxh5 43. g6 fxg6 44. Bxe6+ Kh7 45. Bb3 Bg7 46. Re6 Qb1 47. Re8 Qb2 48. Bg8+ Kh6 49. Re2 Qb7+ 50. Kg3 Rc3+ 51. Re3 Be5+ 52. Kh3 Qh1+ 0-1

[Event "CZE-chT2E 2122"]
[Site "Czech Republic"]
[Date "2022.04.03"]
[Round "11.6"]
[White "Petrik, Petr"]
[Black "Majer, Jiri Sr"]
[Result "1-0"]
[WhiteElo "2029"]
[BlackElo "1903"]
[PlyCount "83"]
[EventDate "2021.10.17"]
[EventType "team-tourn"]
[EventRounds "11"]
[EventCountry "CZE"]
[SourceTitle "EXT 2024"]
[Source "ChessBase"]
[SourceDate "2023.10.10"]
[SourceVersion "1"]
[SourceVersionDate "2023.10.10"]
[SourceQuality "1"]
[WhiteTeam "Kromeriz Slavia II"]
[BlackTeam "Kurim"]
[WhiteTeamCountry "CZE"]
[BlackTeamCountry "CZE"]

1. e4 c6 2. d4 d5 3. exd5 cxd5 4. Bd3 Nc6 5. c3 g6 6. Nf3 Bh6 7. 0-0 Bg4 8. Bxh6 Nxh6 9. Nbd2 0-0 10. Re1 Re8 11. Qb3 Rb8 12. Ne5 Nxe5 13. Rxe5 Be6 14. Nf3 Ng4 15. Re2 Nf6 16. Rae1 Bg4 17. Bb5 Bd7 18. Ne5 Bxb5 19. Qxb5 e6 20. Re3 Re7 21. Rh3 Ne4 22. f3 Nf6 23. a3 Rc7 24. Qe2 Nh5 25. Qe3 Qf6 26. Nd3 Qg7 27. g4 Nf6 28. Nf4 Rbc8 29. g5 Ne8 30. Nd3 Nd6 31. Re2 Nc4 32. Qf4 Rd7 33. Nf2 Nd6 34. Ng4 Ne8 35. Rg2 b5 36. Rgg3 a5 37. Rh6 b4 38. axb4 axb4 39. Rgh3 bxc3 40. bxc3 Rxc3 41. Nf6+ Nxf6 42. gxf6 1-0

[Event "CZE-chT2E 2122"]
[Site "Czech Republic"]
[Date "2021.12.19"]
[Round "5.7"]
[White "Mayer, Josef"]
[Black "Petrik, Petr"]
[Result "1-0"]
[WhiteElo "1965"]
[BlackElo "2029"]
[PlyCount "55"]
[EventDate "2021.10.17"]
[EventType "team-tourn"]
[EventRounds "11"]
[EventCountry "CZE"]
[SourceTitle "EXT 2024"]
[Source "ChessBase"]
[SourceDate "2023.10.10"]
[SourceVersion "1"]
[SourceVersionDate "2023.10.10"]
[SourceQuality "1"]
[WhiteTeam "Prusanky Podluzan"]
[BlackTeam "Kromeriz Slavia II"]
[WhiteTeamCountry "CZE"]
[BlackTeamCountry "CZE"]

1. c4 e5 2. Nc3 Nf6 3. Nf3 Nc6 4. g3 d5 5. cxd5 Nxd5 6. Bg2 Be6 7. 0-0 Be7 8. d4 Nxc3 9. bxc3 e4 10. Nd2 f5 11. e3 0-0 12. f3 exf3 13. Qxf3 Rb8 14. Kh1 Na5 15. d5 Bd7 16. Rb1 c6 17. c4 Kh8 18. Bb2 cxd5 19. cxd5 Bf6 20. Ba3 Be7 21. Bb2 Bf6 22. Ba3 Re8 23. Rfc1 Rc8 24. Bb4 Rxc1+ 25. Rxc1 Qb6 26. a3 Rxe3 27. Qd1 h6 28. Bc5 1-0

[Event "CZE-chT2E 1920"]
[Site "Czech Republic"]
[Date "2019.11.03"]
[Round "2.8"]
[White "Sekanina, Jiri"]
[Black "Petrik, Petr"]
[Result "1-0"]
[WhiteElo "2064"]
[BlackElo "2050"]
[PlyCount "123"]
[EventDate "2019.10.13"]
[EventType "team-tourn"]
[EventRounds "11"]
[EventCountry "CZE"]
[SourceTitle "EXT 2024"]
[Source "ChessBase"]
[SourceDate "2023.10.10"]
[SourceVersion "1"]
[SourceVersionDate "2023.10.10"]
[SourceQuality "1"]
[WhiteTeam "Lipovec Garde"]
[BlackTeam "Kromeriz Slavia II"]
[WhiteTeamCountry "CZE"]
[BlackTeamCountry "CZE"]

1. c4 Nf6 2. Nc3 d5 3. cxd5 Nxd5 4. g3 e5 5. Bg2 Nb6 6. Nf3 Nc6 7. 0-0 Be7 8. a3 Be6 9. b4 a6 10. d3 0-0 11. Ne4 f6 12. Nc5 Bxc5 13. bxc5 Nd5 14. Bb2 Qd7 15. Re1 Rfd8 16. Qc2 b5 17. cxb6 cxb6 18. Rac1 Rac8 19. Qb1 b5 20. Rc5 Na5 21. Rxc8 Rxc8 22. Rc1 Nb3 23. Rxc8+ Qxc8 24. d4 Nc3 25. Bxc3 Qxc3 26. dxe5 Qc1+ 27. Qxc1 Nxc1 28. Nd4 Bc4 29. exf6 gxf6 30. Kf1 Na2 31. Be4 b4 32. axb4 Nxb4 33. Ke1 a5 34. Kd2 h6 35. Kc3 Bf7 36. Nb3 a4 37. Kxb4 axb3 38. Kc3 Kf8 39. Bc6 Ke7 40. Ba4 Kd6 41. Bxb3 Bg6 42. Kd4 Bf5 43. f4 Bh3 44. e4 Bg4 45. e5+ fxe5+ 46. fxe5+ Ke7 47. Ke4 Bh3 48. Kf4 Bc8 49. g4 Ba6 50. Bd5 Be2 51. h4 Kf8 52. g5 Kg7 53. Bf3 Bb5 54. Kf5 Bd7+ 55. e6 Be8 56. Be4 Ba4 57. Ke5 Bb5 58. Kd6 Be8 59. Ke7 Bb5 60. Kd8 Ba4 61. e7 Kf7 62. Bf5 1-0

[Event "CZE-chT2E 1819"]
[Site "Czech Republic"]
[Date "2018.11.04"]
[Round "2.6"]
[White "Petrik, Petr"]
[Black "Hrabal, Matej"]
[Result "1-0"]
[WhiteElo "2049"]
[BlackElo "1797"]
[PlyCount "51"]
[EventDate "2018.10.14"]
[EventType "team-tourn"]
[EventRounds "11"]
[EventCountry "CZE"]
[SourceTitle "EXT 2022"]
[Source "ChessBase"]
[SourceDate "2021.10.06"]
[SourceVersion "1"]
[SourceVersionDate "2021.10.06"]
[SourceQuality "1"]
[WhiteTeam "Kromeriz Slavia II"]
[BlackTeam "Prostejov"]
[WhiteTeamCountry "CZE"]
[BlackTeamCountry "CZE"]

1. e4 e5 2. Nf3 Nc6 3. Bc4 Nf6 4. Ng5 d5 5. exd5 b5 6. Bf1 Nd4 7. c3 Bg4 8. f3 Ne4 9. Nxe4 Qh4+ 10. Ng3 e4 11. cxd4 Bd6 12. Bxb5+ Kf8 13. 0-0 exf3 14. Rxf3 Bxf3 15. Qxf3 Qxd4+ 16. Kh1 Bxg3 17. Qxg3 h5 18. Qe3 Qf6 19. Nc3 h4 20. h3 Rh5 21. d4 a6 22. Bc6 Rb8 23. Ne4 Qf1+ 24. Kh2 Rf5 25. b3 Qd1 26. Ba3+ 1-0

[Event "CZE-chT2E 1617"]
[Site "Czech Republic"]
[Date "2017.04.02"]
[Round "11.8"]
[White "Vachek, Jiri"]
[Black "Petrik, Petr"]
[Result "0-1"]
[WhiteElo "1933"]
[BlackElo "2009"]
[PlyCount "28"]
[EventDate "2016.09.10"]
[EventType "team-tourn"]
[EventRounds "11"]
[EventCountry "CZE"]
[SourceTitle "EXT 2022"]
[Source "ChessBase"]
[SourceDate "2021.10.06"]
[SourceVersion "1"]
[SourceVersionDate "2021.10.06"]
[SourceQuality "1"]
[WhiteTeam "Brno Lokomotiva II"]
[BlackTeam "Kromeriz Slavia II"]
[WhiteTeamCountry "CZE"]
[BlackTeamCountry "CZE"]

1. d4 Nf6 2. c4 e5 3. e3 exd4 4. exd4 d5 5. Nf3 Bb4+ 6. Bd2 Qe7+ 7. Qe2 Be6 8. cxd5 Nxd5 9. Bxb4 Qxb4+ 10. Qd2 Nc6 11. a3 Qd6 12. Nc3 0-0 13. Ne4 Qf4 14. 0-0-0 Qxe4 0-1

[Event "CZE-chT2E 1415"]
[Site "Czech Republic"]
[Date "2015.03.29"]
[Round "10.6"]
[White "Petrik, Petr"]
[Black "Kubat, Pavel"]
[Result "1-0"]
[WhiteElo "2023"]
[BlackElo "1945"]
[PlyCount "102"]
[EventDate "2014.11.02"]
[EventType "team-tourn"]
[EventRounds "11"]
[EventCountry "CZE"]
[SourceTitle "EXT 2022"]
[Source "ChessBase"]
[SourceDate "2021.10.06"]
[SourceVersion "1"]
[SourceVersionDate "2021.10.06"]
[SourceQuality "1"]
[WhiteTeam "Kromeriz Slavia II"]
[BlackTeam "Orechov"]
[WhiteTeamCountry "CZE"]
[BlackTeamCountry "CZE"]

1. e4 d6 2. d4 Nf6 3. Nc3 Nbd7 4. Nf3 e5 5. Bc4 Be7 6. 0-0 0-0 7. h3 c6 8. dxe5 dxe5 9. Re1 Qc7 10. Bg5 b5 11. Bf1 Nc5 12. a3 a5 13. Bh4 Nh5 14. Bxe7 Qxe7 15. g3 g6 16. Qd2 Qf6 17. Qe3 Qe7 18. b4 Nd7 19. Na2 Bb7 20. c4 bxc4 21. Bxc4 Ba6 22. Rec1 Bb7 23. Rab1 c5 24. bxa5 Ndf6 25. Nc3 Rxa5 26. a4 Bc6 27. Bb5 Bb7 28. Nd2 Raa8 29. Nc4 Rfd8 30. Nb6 Rab8 31. Bd3 Rd4 32. Nbd5 Qd8 33. Rb5 Bxd5 34. exd5 Rxb5 35. Bxb5 Nxd5 36. Qxe5 Nxc3 37. Rxc3 Rd5 38. Qe3 Rd1+ 39. Kg2 Qd5+ 40. Qf3 Qe5 41. Re3 Qa1 42. Re7 Nf6 43. Bc4 Rh1 44. Qa8+ Kg7 45. Rxf7+ Kh6 46. Qf8+ Kg5 47. Qxc5+ Kh6 48. Qf8+ Kg5 49. h4+ Kf5 50. Qc5+ Qe5 51. Bd3+ Ke6 1-0

[Event "Kromeriz op"]
[Site "Kromeriz"]
[Date "2014.05.12"]
[Round "6"]
[White "Munk, Petr"]
[Black "Petrik, Petr"]
[Result "1/2-1/2"]
[WhiteElo "2140"]
[BlackElo "2020"]
[PlyCount "120"]
[EventDate "2014.05.07"]
[EventType "swiss"]
[EventRounds "7"]
[EventCountry "CZE"]
[SourceTitle "EXT 2016"]
[Source "ChessBase"]
[SourceDate "2015.10.08"]
[SourceVersion "1"]
[SourceVersionDate "2015.10.08"]
[SourceQuality "1"]

1. e4 c5 2. c4 Nc6 3. Ne2 e6 4. d4 cxd4 5. Nxd4 Nf6 6. Nxc6 dxc6 7. Qxd8+ Kxd8 8. e5 Ng4 9. f4 Bc5 10. Be2 Ne3 11. Bxe3 Bxe3 12. g3 Bd4 13. Nc3 Bxc3+ 14. bxc3 c5 15. 0-0-0+ Kc7 16. Bf3 Rd8 17. h4 Bd7 18. h5 h6 19. g4 Ba4 20. Rd2 Rxd2 21. Kxd2 Rd8+ 22. Ke3 Bc2 23. Be2 Kd7 24. Rc1 Ba4 25. Bd1 Bc6 26. Bc2 Ke7 27. Rd1 Rxd1 28. Bxd1 b6 29. g5 Kf8 30. Bf3 Bd7 31. Be4 Be8 32. Bf3 Kg8 33. Bd1 Bc6 34. Bf3 Ba4 35. Be4 Bd1 36. Bf3 Bc2 37. Be4 Bxe4 38. Kxe4 Kh7 39. Kf3 g6 40. Kg4 Kg7 41. Kh4 hxg5+ 42. Kxg5 gxh5 43. Kxh5 f6 44. exf6+ Kxf6 45. Kg4 a6 46. a4 Kg6 47. Kg3 Kf6 48. Kg4 Ke7 49. Kf3 Kd7 50. Ke3 Kc6 51. Ke4 Kd6 52. Kd3 Kc6 53. Ke4 Kd6 54. Kd3 e5 55. Ke4 exf4 56. Kxf4 Ke6 57. Ke4 Kd6 58. Kf5 Kc6 59. Ke5 Kd7 60. Kd5 Kc7 1/2-1/2

[Event "CZE-chT2E 1314"]
[Site "Czech Republic"]
[Date "2014.03.23"]
[Round "10.8"]
[White "Krejcirik, Radim"]
[Black "Petrik, Petr"]
[Result "0-1"]
[WhiteElo "1933"]
[BlackElo "1966"]
[PlyCount "58"]
[EventDate "2013.11.03"]
[EventType "team-tourn"]
[EventRounds "11"]
[EventCountry "CZE"]
[SourceTitle "EXT 2016"]
[Source "ChessBase"]
[SourceDate "2015.10.08"]
[SourceVersion "1"]
[SourceVersionDate "2015.10.08"]
[SourceQuality "1"]
[WhiteTeam "Napajedla"]
[BlackTeam "Kromeriz Slavia II"]
[WhiteTeamCountry "CZE"]
[BlackTeamCountry "CZE"]

1. d4 Nf6 2. c4 e5 3. dxe5 Ng4 4. Nf3 Bc5 5. e3 Nc6 6. Nc3 0-0 7. Be2 Re8 8. 0-0 Ngxe5 9. b3 d6 10. Na4 Bf5 11. Bb2 Qe7 12. Nc3 a5 13. Nd5 Qd7 14. Qd2 Be4 15. Nxe5 Nxe5 16. Kh1 c6 17. Nc3 Bg6 18. Rad1 Rad8 19. a3 Bb6 20. Na4 Bc7 21. Qd4 f6 22. Qh4 Bc2 23. Rd2 Qf5 24. g4 Be4+ 25. f3 Nxf3 26. Rxf3 Bxf3+ 27. Kg1 Qe4 28. Bd3 Qxe3+ 29. Kf1 Be4 0-1

[Event "CZE-chT2E 1314"]
[Site "Czech Republic"]
[Date "2013.12.01"]
[Round "3.8"]
[White "Petrik, Petr"]
[Black "Kocab, Jan"]
[Result "1-0"]
[WhiteElo "1966"]
[BlackElo "2003"]
[PlyCount "109"]
[EventDate "2013.11.03"]
[EventType "team-tourn"]
[EventRounds "11"]
[EventCountry "CZE"]
[SourceTitle "EXT 2016"]
[Source "ChessBase"]
[SourceDate "2015.10.08"]
[SourceVersion "1"]
[SourceVersionDate "2015.10.08"]
[SourceQuality "1"]
[WhiteTeam "Kromeriz Slavia II"]
[BlackTeam "Prusanky Podluzan"]
[WhiteTeamCountry "CZE"]
[BlackTeamCountry "CZE"]

1. e4 c5 2. Nf3 Nc6 3. d4 cxd4 4. Nxd4 e5 5. Nb5 d6 6. c4 a6 7. N5a3 Be6 8. Nc3 Rc8 9. Bd3 Nf6 10. 0-0 g6 11. h3 Bg7 12. Be3 0-0 13. Rc1 Qd7 14. Na4 Rb8 15. Nb6 Qd8 16. Qd2 Ne7 17. Rfd1 Nd7 18. Qb4 Nxb6 19. Bxb6 Qd7 20. Be2 Nc8 21. c5 Qc6 22. Bf3 Re8 23. Nc4 Bxc4 24. Rxc4 Bf8 25. Rd5 dxc5 26. Bxc5 b5 27. Rc3 Bxc5 28. Rcxc5 Qf6 29. Rc7 Nb6 30. Rdc5 Re6 31. Bd1 Rd8 32. Bb3 Nc4 33. Bxc4 bxc4 34. Rd5 Rdd6 35. Qxc4 Rc6 36. Rxc6 Rxc6 37. Rc5 Rd6 38. Qe2 Rd4 39. Rd5 Rxd5 40. exd5 Qd6 41. Qc4 Qb6 42. b4 a5 43. a3 axb4 44. axb4 Qa7 45. d6 Qa1+ 46. Kh2 Qa7 47. Qc5 Qd7 48. Qxe5 Qa7 49. Qc5 Qd7 50. b5 Qe6 51. b6 Qd7 52. Qd5 Qa4 53. Qe5 Qc6 54. Qd4 Qd7 55. g3 1-0

[Event "CZE-chT2E 1011"]
[Site "Czech Republic"]
[Date "2010.11.07"]
[Round "2.8"]
[White "Sladek, Vladislav"]
[Black "Petrik, Petr"]
[Result "1-0"]
[WhiteElo "2030"]
[BlackElo "1934"]
[PlyCount "73"]
[EventDate "2010.10.17"]
[EventType "team-tourn"]
[EventRounds "11"]
[EventCountry "CZE"]
[SourceTitle "EXT 2012"]
[Source "ChessBase"]
[SourceDate "2011.11.24"]
[SourceVersion "1"]
[SourceVersionDate "2011.11.24"]
[SourceQuality "1"]
[WhiteTeam "Adamov"]
[BlackTeam "Kromeriz"]
[WhiteTeamCountry "CZE"]
[BlackTeamCountry "CZE"]

1. d4 Nf6 2. c4 e5 3. dxe5 Ng4 4. Bf4 Nc6 5. Nf3 Bb4+ 6. Nbd2 Qe7 7. e3 0-0 8. Be2 Ngxe5 9. 0-0 d6 10. a3 Bxd2 11. Qxd2 Bf5 12. Rfd1 Rfe8 13. Nd4 Bg6 14. Nxc6 Nxc6 15. h3 h6 16. Rac1 Rad8 17. Rc3 Ne5 18. Qd5 b6 19. b4 c6 20. Qd4 Bf5 21. e4 c5 22. Qe3 Bc8 23. Qg3 Kh7 24. Bh5 g6 25. Bg4 Nxg4 26. hxg4 Qxe4 27. f3 Qe2 28. Rcd3 g5 29. Bxd6 Be6 30. bxc5 bxc5 31. R1d2 Rxd6 32. Rxe2 Rxd3 33. Qe5 Rxa3 34. Qxc5 Ra1+ 35. Kf2 Rc8 36. Qd4 Ra4 37. Rxe6 1-0

[Event "CZE-chT1E 0910"]
[Site "Czech Republic"]
[Date "2010.04.11"]
[Round "11.8"]
[White "Kapusta, Petr"]
[Black "Petrik, Petr"]
[Result "1-0"]
[WhiteElo "2135"]
[BlackElo "1913"]
[PlyCount "105"]
[EventDate "2009.11.15"]
[EventType "team-tourn"]
[EventRounds "11"]
[EventCountry "CZE"]
[SourceTitle "EXT 2011"]
[Source "ChessBase"]
[SourceDate "2010.11.26"]
[SourceVersion "1"]
[SourceVersionDate "2010.11.26"]
[SourceQuality "1"]
[WhiteTeam "Stare Mesto"]
[BlackTeam "Kromeriz"]
[WhiteTeamCountry "CZE"]
[BlackTeamCountry "CZE"]

1. e4 c5 2. Nf3 Nc6 3. d4 cxd4 4. Nxd4 g6 5. Nc3 Bg7 6. Be3 Nf6 7. f3 0-0 8. Bc4 Qb6 9. Bb3 Nxe4 10. Nd5 Qa5+ 11. c3 Nc5 12. Nxc6 dxc6 13. Nxe7+ Kh8 14. Nxc8 Re8 15. 0-0 Raxc8 16. Bd4 Bxd4+ 17. Qxd4+ Kg8 18. Bxf7+ Kxf7 19. b4 Qb5 20. bxc5 Rcd8 21. a4 Qa5 22. Qc4+ Rd5 23. Rab1 Re7 24. Rb5 Qd8 25. Rb4 Kg7 26. Qb3 Qc7 27. Rb1 Rdd7 28. Rd4 Qe5 29. Qc4 Qe3+ 30. Kf1 Qe5 31. Rbd1 Rc7 32. f4 Qh5 33. h3 Qh4 34. Qd3 Rf7 35. g4 Rce7 36. Kg2 Qf6 37. g5 Qe6 38. Rd6 Qe4+ 39. Qxe4 Rxe4 40. R1d4 Rexf4 41. Rxf4 Rxf4 42. Rd7+ Rf7 43. Rxf7+ Kxf7 44. Kf3 Ke6 45. Ke4 b6 46. Kd4 Kf5 47. c4 Ke6 48. cxb6 axb6 49. c5 b5 50. axb5 cxb5 51. Kc3 Kd5 52. Kb4 Kc6 53. h4 1-0

[Event "CZE-chT2e 0607"]
[Site "Czech Republic"]
[Date "2007.03.25"]
[Round "10.8"]
[White "Petrik, Petr"]
[Black "Nepomucky, Ondrej"]
[Result "1/2-1/2"]
[WhiteElo "1739"]
[BlackElo "2208"]
[PlyCount "148"]
[EventDate "2006.10.15"]
[EventType "team"]
[EventRounds "11"]
[EventCountry "CZE"]
[SourceTitle "EXT 2009"]
[Source "ChessBase"]
[SourceDate "2008.11.26"]
[SourceVersion "1"]
[SourceVersionDate "2008.11.26"]
[SourceQuality "1"]

1. e4 c5 2. Nf3 Nc6 3. d4 cxd4 4. Nxd4 Nf6 5. Nc3 e5 6. Ndb5 d6 7. Bg5 a6 8. Na3 b5 9. Nd5 Be7 10. Bxf6 Bxf6 11. c3 0-0 12. Nc2 Rb8 13. Bd3 Bg5 14. h4 Bh6 15. g4 Bf4 16. Qf3 Be6 17. Nxf4 Qf6 18. g5 Qxf4 19. Qxf4 exf4 20. Nd4 Ne5 21. Be2 Rb6 22. b3 Rc8 23. Kd2 d5 24. f3 dxe4 25. fxe4 b4 26. Nxe6 bxc3+ 27. Kc2 fxe6 28. Rh3 f3 29. Bxf3 Rd6 30. Rd1 Rcd8 31. Rxd6 Rxd6 32. Bh1 Rd2+ 33. Kxc3 Rxa2 34. Kd4 Ng6 35. h5 e5+ 36. Kc5 Nf4 37. Rh4 Rd2 38. Kc6 Rd3 39. b4 Kf7 40. Rh2 Ke7 41. Kb6 Rd4 42. Rb2 Nd3 43. Rc2 Rxb4+ 44. Kxa6 Rb1 45. Rc7+ Kd6 46. Rxg7 Nc5+ 47. Ka7 Rxh1 48. Rxh7 Nxe4 49. Rh6+ Ke7 50. Rh7+ Ke6 51. Rh6+ Kf7 52. Rh7+ Kg8 53. Re7 Rxh5 54. Rxe5 Nxg5 55. Kb6 Kf7 56. Re1 Ne6 57. Kc6 Ke7 58. Rd1 Rc5+ 59. Kb6 Rc2 60. Rd3 Nf4 61. Rd1 Ke6 62. Re1+ Kd6 63. Rh1 Rb2+ 64. Ka5 Kc5 65. Rc1+ Kd6 66. Rd1+ Nd5 67. Rc1 Ne3 68. Rc3 Nf5 69. Rd3+ Kc5 70. Rc3+ Kd5 71. Rc1 Nd4 72. Rd1 Kc4 73. Rc1+ Rc2 74. Rxc2+ Nxc2 1/2-1/2